| 000 | 00461nam a22001697a 4500 | ||
|---|---|---|---|
| 999 |
_c10308 _d10308 |
||
| 003 | GBCCL | ||
| 005 | 20241126110729.0 | ||
| 008 | 240611b ||||| |||| 00| 0 eng d | ||
| 040 | _cGBC | ||
| 082 |
_aVER 242 _bGUI |
||
| 100 |
_aGuite, Vanlalhminglian _917900 |
||
| 245 |
_aAntuun : _ba daily biblical spiritual devotional guide in Paite |
||
| 260 |
_aShillong : _bT Thangkhansuan, _c2022 |
||
| 300 | _a396p. ; | ||
| 650 |
_aDevotional _96484 |
||
| 942 |
_2ddc _cBK |
||